Quản lý đô thị thời kỳ chuyển đổi

Định hướng quản lí đô thị chuyển đổi. Một số vấn đề nhạy cảm trong lĩnh vực quản lý đô thị. Quan điểm và chính sách quản lý đô thị. Các vấn đề về quy hoạch và đất đai. Các vấn đề về quản lý và phát triển, cải cách hành chính xây dự...

Szczegółowa specyfikacja

Zapisane w:
Opis bibliograficzny
1. autor: Võ, Kim Cương
Format: Książka
Język:Undetermined
Wydane: Hà Nội Xây Dựng 2004
Hasła przedmiotowe:
Etykiety: Dodaj etykietę
Nie ma etykietki, Dołącz pierwszą etykiete!
Thư viện lưu trữ: Trung tâm Học liệu Trường Đại học Cần Thơ
LEADER 01079nam a2200229Ia 4500
001 CTU_95901
008 210402s9999 xx 000 0 und d
020 |c 35000 
082 |a 350.1609597 
082 |b C561 
100 |a Võ, Kim Cương 
245 0 |a Quản lý đô thị thời kỳ chuyển đổi 
245 0 |c Võ Kim Cương 
260 |a Hà Nội 
260 |b Xây Dựng 
260 |c 2004 
520 |a Định hướng quản lí đô thị chuyển đổi. Một số vấn đề nhạy cảm trong lĩnh vực quản lý đô thị. Quan điểm và chính sách quản lý đô thị. Các vấn đề về quy hoạch và đất đai. Các vấn đề về quản lý và phát triển, cải cách hành chính xây dựng bộ máy quản lý đô thị 
526 |a Chính sách đô thị,Chính sách đô thị 
526 |b XH701,MTD610 
650 |a Cities and towns 
904 |i Nguyên, Thi 
980 |a Trung tâm Học liệu Trường Đại học Cần Thơ